000 01501nam a22002177a 4500
001 113397
003 DR-UNIBE
005 20250331113155.0
008 250331b2009 mx ||||| |||| 00| 0 spa d
040 _aBIBLIOTECA UNIBE
_cBIBLIOTECA UNIBE
_erda
041 _aspa
082 _a342.041 C748m
111 2 _aConferencia Iberoamericana de Justicia Constitucional (7ª : 2009 : Mérida, México)
_9193635
245 1 4 _aLos métodos interpretativos de la juriscción constitucional
260 _aMérida :
_bAgencia Española de Cooperación Internacional,
_c2009
300 _a219 páginas
505 _a1. Delegaciones asistentes y fotos | 2. Inauguración | 3. Informe de la Secretaría Permanente | 4. Mensaje e Informe de la Secretaría Pro Tempore | 5. El examen comparativo entre los sistemas americano y europeo de Justicia Constitucional | 6. Explicación del trabajo y presentación del tema | 7. Una experiencia de tres décadas de protección jurisdiccional de la Constitución | 8. El control de constitucionalidad en Brasil: sistema mixto | 9. Los métodos interpretativos del Tribunal peruano. | 10. Estructura y atribuciones de los Tribunales y Salas Constitucionales de Iberoamérica | 11. Métodos interpretativos de la Jurisdicción Constitucional | 12. Ceremonia de clausura de labores | 13. Ceremonia de clausura | 14. Mensaje y declaración de clausura |
650 _2lemb
_aJurisdicción
_958021
650 _2lemb
_aDerecho
942 _2ddc
_cBK
999 _c113398
_d113398